Affiches de films. - Statistiques

Statistiques générales
  • Ce quiz a été pris 275 fois
  • Le résultat moyen est 9 sur 24
Statistiques - réponses
Par images Réponse % Correct
Le fabuleux destin d'Amelie Poulain
82%
Usual suspects
81%
Midsommar
66%
American beauty
64%
Old boy
60%
Valérian et la cité au mille panètes
53%
Snatch
52%
the big Lebowski
48%
Memento
46%
Titane
44%
Les autres
43%
Mystic river
41%
Trainspotting
39%
Ghost in the shell
35%
O'brother
33%
Abyss
27%
Don't worry darling
23%
Bernie
21%
Une nuit en enfer
21%
10 Cloverfield lane
15%
Under the skin
14%
Bowling for Columbine
12%
Identity
10%
Planet terror
6%
Aucun quiz correspondant
Distribution des résultats
% des personnes avec chaque résultat
Percentile par nombre de réponses
Votre historique - résultats
Vous n’avez pas pris ce quiz